Statistics for Chemical Elements whose Symbol Starts a U.S. President's Name

Click here to take the quiz!

General Stats

  • This quiz has been taken 22 times
  • The average score is 11 of 22

Answer Stats

President(s) Element % Correct
ObamaOxygen
89%
Washington, WilsonTungsten
78%
NixonNickel
78%
Carter, Cleveland, Clinton, CoolidgeCarbon
67%
Harding, Harrison, Hayes, HooverHydrogen
67%
CoolidgeCobalt
61%
Fillmore, FordFluorine
61%
LincolnLithium
61%
Buchanan, BushBoron
61%
NixonNitrogen
61%
ArthurArgon
56%
CarterCalcium
56%
Cleveland, ClintonChlorine
50%
KennedyPotassium
50%
Van BurenVanadium
44%
Pierce, PolkPhosphorus
39%
PolkPolonium
39%
ReaganRhenium
28%
GarfieldGallium
28%
MonroeMolybdenum
22%
Taft, TaylorTantalum
11%
McKinleyMoscovium
6%

Score Distribution

Percentile by Number Answered

Percent of People with Each Score

Your Score History

You have not taken this quiz